000 01131nam a2200289Ia 4500
008 191128s9999 xx 000 0 und d
020 _a8437501156
082 _a320 .5
082 _b H811f
100 _aHorowitz, Irving Louis, autor
245 0 _aFundamentos de sociología política /
245 0 _cIrving Louis Horowitz ; traductor Enrique Asseburg
250 _aPrimera edición
260 _aMéxico
260 _bFondo de Cultura Económica
260 _c1977
300 _a671 páginas
300 _c 22 cm
440 _aSección de obras de sociología
500 _aIncluye índice de nombres y materias.
505 _aHistorias -- Cambios -- Intereses
520 _aEste libro es producto del cruzamiento fértil de nuestros conocimientos sobre la interrelación de dos conceptos fundamentales: clase y poder político. Representa una verdadera revolución en la teoría social moderna.
534 _pFundations of political sociology
546 _aTraducido del inglés
650 _aIdeologías políticas Ciencias políticas Poder Clases sociales--
799 _aAsseburg, Enrique, traductor
999 _c5139
_d5139